Amnesty International report 2007: the state of the world's human rights. (Record no. 34177)

MARC details
000 -LEADER
fixed length control field 00692nam a2200181 a 4500
008 - FIXED-LENGTH DATA ELEMENTS--GENERAL INFORMATION
fixed length control field 090213s2007 ||||||||||||||||| || u
020 ## - INTERNATIONAL STANDARD BOOK NUMBER
International Standard Book Number 9780862104214
050 ## - LIBRARY OF CONGRESS CALL NUMBER
Classification number JC 571 Amn
110 ## - MAIN ENTRY--CORPORATE NAME
Corporate name or jurisdiction name as entry element Amnesty International
245 10 - TITLE STATEMENT
Title Amnesty International report 2007: the state of the world's human rights.
Statement of responsibility, etc. by Amnesty International
260 ## - PUBLICATION, DISTRIBUTION, ETC.
Place of publication, distribution, etc. London:
Name of publisher, distributor, etc. Amnesty International
Date of publication, distribution, etc. 2007
300 ## - PHYSICAL DESCRIPTION
Extent 337p.: ill.
350 ## - PRICE (NR) (BK AM CF MU VM SE) [OBSOLETE]
Price 0.00
650 #0 - SUBJECT ADDED ENTRY--TOPICAL TERM
Topical term or geographic name entry element HUMAN RIGHTS
650 ## - SUBJECT ADDED ENTRY--TOPICAL TERM
Topical term or geographic name entry element RIGHTS
650 ## - SUBJECT ADDED ENTRY--TOPICAL TERM
Topical term or geographic name entry element HUMAN RIGHTS--ANNUAL REPORTS
995 ## - RECOMMENDATION 995 [LOCAL, UNIMARC FRANCE]
-- 0.00
-- CBU-MAIN LIBRARY (Kitwe)
-- 1
-- 0.00
-- 1
-- AVAILABLE
-- Feb 13, 2009
-- Annex Low-Usage Collection
Holdings
Withdrawn status Lost status Source of classification or shelving scheme Damaged status Not for loan Home library Current library Shelving location Date acquired Total Checkouts Full call number Barcode Date last seen Price effective from Koha item type
          CBU-MAIN LIBRARY, KITWE. CBU-MAIN LIBRARY, KITWE.   11/30/2022   JC 571 Amn 739646 11/30/2022 11/30/2022 MONOGRAPH